El Conde Lucanor

Guardado en:
Bibliografiske detaljer
Hovedforfatter: Juan Manuel
Format: Bog
Sprog:Undetermined
Udgivet: Madrid, España Espasa Calpe 1984
Udgivelse:19
Fag:
Tags: Tilføj Tag
Ingen Tags, Vær først til at tagge denne postø!

MARC

LEADER 00000nam a2200000Ia 4500
008 170316s9999 xx 000 0 und d
040 |a cru BVZT 
090 |a 862 J-7c 
100 |a Juan Manuel 
245 |a El Conde Lucanor 
250 |a 19 
260 |a Madrid, España 
260 |b Espasa Calpe 
260 |c 1984 
300 |a 156 páginas 
650 |a LITERATURA ESPAÑOLA 
650 |a NOVELA 
999 |c 10045  |d 10045 
942 |c 15 D  |h 862 J-7c  |2 z